| 000 | 00392nam a2200145Ia 4500 | ||
|---|---|---|---|
| 008 | 090122s9999 xx 000 0 und d | ||
| 082 |
_b4564 _aN 4 (E) |
||
| 100 |
_aNational _bGeographical _cSociety |
||
| 245 | _aNational Geographic Nov 2002 | ||
| 600 | _aNational | ||
| 630 | _aNational Geographic Nov 2002 | ||
| 700 | _aNational | ||
| 730 | _aNational Geographic Nov 2002 | ||
| 942 | _cBOOK | ||
| 999 |
_c28642 _d28642 |
||